000 00226nam a22000857a 4500
008 160811b xxu||||| |||| 00| 0 eng d
100 _9108
_aChowdhry N.K
245 _aSocial Science-X
260 _aNew Delhi
_bS.Chand publication
_c2010
999 _c2762
_d2762